| 000 | 01899nam a2200133Ia 4500 | ||
|---|---|---|---|
| 008 | 220615s9999||||xx |||||||||||||| ||und|| | ||
| 020 | _a9783040000000 | ||
| 245 | 0 | _aBank Management, Finance and Sustainability | |
| 546 | _aEnglish[eng] | ||
| 650 | _afirm’s financial performance||sustainability practices||Islamic corporate governance||mobile money||SMEs||financial performance||payments and receipts||Douala, Cameroon||human capital||social capital||credit availability||propensity score matching||China||risk tolerance||risk aversion||risk-taking||MiFID II||MiFIR||suitability assessment||households||risky financial assets||financial institutions||financial advisory||portfolio management||financial constraints||sustainable development||ownership structure||state subsidies||former communist bloc||institutional environment||financial system||corporate social responsibility||CSR rating||bank loan spread||European syndicated loan market||content analysis||ethical banking||global financial crisis||hierarchical cluster analysis||inductive category development||in-depth interviews||social banking||socially responsible investment||environmental performance||climate change||gender diversity||board of directors||banking sector||external support||environmental practices||resource efficiency||sustainable entrepreneurship||firm size||financial knowledge||overconfidence||underconfidence||sustainable financial behavior||financial market participation||investment fraud||over-indebtedness||ethical financial companies||ESG||sustainable development goals (SDGs)||bank efficiency||bank cost||stochastic frontier analysis||stochastic metafrontier analysis||high-net-worth individuals (HNWIs)||qualitative research||reference group theory||socially responsible investing (SRI) | ||
| 700 | _aAristei, David||Gallo, Manuela | ||
| 856 | _uhttps://mdpi.com/books/pdfview/book/5038 | ||
| 942 | _cEB | ||
| 999 |
_c13423 _d13423 |
||